| 000 | 00384nam a2200157Ia 4500 | ||
|---|---|---|---|
| 005 | 20241106025007.0 | ||
| 008 | 240331s9999 xx 000 0 und d | ||
| 020 | _a8185107106 | ||
| 082 |
_bCHU _a823 |
||
| 100 | _aChughtai, I | ||
| 245 | 4 | _aThe quilt & Other Stories | |
| 260 |
_aNew Delhi _bKali for women _c1990 |
||
| 300 | _aXXII, 224 P ., | ||
| 500 | _aShort Stories | ||
| 942 | _cL | ||
| 999 |
_c3323 _d3323 |
||